Statistics for National Anthem of Gabon - ''La Concorde''

Click here to take the quiz!

General Stats

  • This quiz has been taken 7 times
  • The average score is 41 of 64

Answer Stats

Answer% Correct
Concorde
100%
dans
100%
et
100%
fraternité,
100%
la
100%
la
100%
Uni
100%
à
75%
aurore
75%
C'est
75%
C'est
75%
Éblouissant
75%
encourage
75%
enfin
75%
enfin
75%
essor
75%
essor
75%
et
75%
et
75%
et
75%
félicité.
75%
félicité.
75%
fier,
75%
Gabon,
75%
honte.
75%
jamais
75%
la
75%
la
75%
la
75%
l'ardeur
75%
lève,
75%
l'injustice
75%
notre
75%
notre
75%
nous
75%
pourchassant
75%
qui
75%
se
75%
soulève!
75%
une
75%
vers
75%
vers
75%
vibre
75%
encore
50%
jour
50%
le
50%
monte,
50%
monte,
50%
monte
50%
sublime
50%
alarmes,
25%
armes.
25%
calme
25%
et
25%
et
25%
Éveille-toi
25%
la
25%
les
25%
nos
25%
prône
25%
Qu'il
25%
qu'il
25%
repousse
25%
vertu
25%

Score Distribution

Percentile by Number Answered

Percent of People with Each Score

Your Score History

You have not taken this quiz